Metals 2000 (Record no. 51021)

MARC details
000 -LEADER
fixed length control field 00520nam a2200133 a 4500
008 - FIXED-LENGTH DATA ELEMENTS--GENERAL INFORMATION
fixed length control field 120416s1989 ||||||||||||||||| || u
050 ## - LIBRARY OF CONGRESS CALL NUMBER
Classification number TN 690 Met
245 10 - TITLE STATEMENT
Title Metals 2000
246 ## - VARYING FORM OF TITLE
Title proper/short title Definitive assessment of trends in the major metals over the next decade
260 ## - PUBLICATION, DISTRIBUTION, ETC.
Place of publication, distribution, etc. London
Name of publisher, distributor, etc. Institute of Mining and Metallurgy
Date of publication, distribution, etc. 1989
300 ## - PHYSICAL DESCRIPTION
Extent vi, 29p. : ill.
350 ## - PRICE (NR) (BK AM CF MU VM SE) [OBSOLETE]
Price 0.00
995 ## - RECOMMENDATION 995 [LOCAL, UNIMARC FRANCE]
-- 0.00
-- CBU-MAIN LIBRARY (Kitwe)
-- 1
-- 32.00
-- DAMAGED
-- Main Library Open Access Collection
Holdings
Withdrawn status Lost status Source of classification or shelving scheme Damaged status Not for loan Home library Current library Shelving location Date acquired Total Checkouts Full call number Barcode Date last seen Price effective from Koha item type
          CBU-MAIN LIBRARY, KITWE. CBU-MAIN LIBRARY, KITWE.   11/30/2022   TN 690 Met 016840 11/30/2022 11/30/2022 MONOGRAPH